[Event "Reykjavik op"]
[Site "Reykjavik"]
[Date "2024.03.18"]
[Round "5"]
[White "Haraldsson, Haraldur"]
[Black "Arun, Nitish"]
[Result "0-1"]
[WhiteElo "1991"]
[BlackElo "1808"]
[PlyCount "104"]
[EventDate "2024.03.15"]
[EventType "swiss"]
[EventRounds "9"]
[EventCountry "ISL"]
[SourceTitle "CB13_2024"]
[SourceDate "2024.03.27"]
[SourceVersion "1"]
[SourceVersionDate "2024.03.27"]
[SourceQuality "1"]

1. d4 e6 2. c4 d5 3. Nc3 Nf6 4. Nf3 Be7 5. Bf4 c6 6. e3 Nbd7 7. Rc1 0-0 8. Bd3 dxc4 9. Bxc4 b5 10. Bd3 Bb7 11. 0-0 a6 12. Ne4 Nxe4 13. Bxe4 Rc8 14. Ne5 Nxe5 15. Bxe5 Bd6 16. f4 f6 17. Qh5 f5 18. Bf3 Bxe5 19. fxe5 Qe7 20. Rc5 Rc7 21. g3 Rfc8 22. Rfc1 g6 23. Qh6 Qg7 24. Qh3 Qe7 25. Qg2 Qd7 26. h4 Kg7 27. Qd2 Kf8 28. Qc3 Ke8 29. d5 exd5 30. Bxd5 Kd8 31. Bb3 Ke8 32. e6 Qg7 33. Kf2 Qxc3 34. R1xc3 Ke7 35. e4 fxe4 36. Ke3 Rd8 37. Kxe4 Bc8 38. Rf3 Bxe6 39. Re5 Rd6 40. g4 c5 41. Bxe6 Rxe6 42. Rxe6+ Kxe6 43. Rf8 Rd7 44. h5 gxh5 45. gxh5 Rd4+ 46. Ke3 Rh4 47. Ra8 Rxh5 48. Rxa6+ Kd5 49. Ra8 Kc4 50. Kd2 Rh2+ 51. Kc1 b4 52. Rd8 Rg2 0-1

[Event "Reykjavik op"]
[Site "Reykjavik"]
[Date "2023.03.29"]
[Round "1"]
[White "Haraldsson, Haraldur"]
[Black "Grubauer, Gerhard"]
[Result "1-0"]
[WhiteElo "1882"]
[BlackElo "1564"]
[PlyCount "65"]
[EventDate "2023.03.29"]
[EventType "swiss"]
[EventRounds "9"]
[EventCountry "ISL"]
[SourceTitle "CBM 213 Extra"]
[Source "ChessBase"]
[SourceDate "2023.05.31"]
[SourceVersion "1"]
[SourceVersionDate "2023.05.31"]
[SourceQuality "1"]

1. e4 d6 2. d4 e5 3. Nf3 exd4 4. Nxd4 Nf6 5. Nc3 Bd7 6. Be2 Nc6 7. Be3 a6 8. 0-0 Be7 9. f4 Nxd4 10. Bxd4 c5 11. Be3 Qc7 12. a4 0-0 13. Bf3 Rad8 14. g4 Bc6 15. g5 Nd7 16. Nd5 Bxd5 17. Qxd5 Nb6 18. Qd3 Qd7 19. a5 Nc8 20. Rfd1 Qh3 21. Qe2 Qd7 22. Bxc5 Qc6 23. Bd4 f6 24. gxf6 gxf6 25. Kh1 Kh8 26. Rg1 Rg8 27. c4 Rg6 28. Rxg6 hxg6 29. e5 d5 30. cxd5 Rxd5 31. exf6 Bxf6 32. Bxf6+ Qxf6 33. Bxd5 1-0

[Event "Reykjavik Skakping op"]
[Site "Reykjavik"]
[Date "2023.01.18"]
[Round "4"]
[White "Haraldsson, Haraldur"]
[Black "Kolka, Dawid"]
[Result "1/2-1/2"]
[WhiteElo "1918"]
[BlackElo "1901"]
[PlyCount "82"]
[EventDate "2023.01.08"]
[EventType "swiss"]
[EventRounds "9"]
[EventCountry "ISL"]
[SourceTitle "EXT 2024"]
[Source "ChessBase"]
[SourceDate "2023.10.10"]
[SourceVersion "1"]
[SourceVersionDate "2023.10.10"]
[SourceQuality "1"]

1. e4 c6 2. d4 d5 3. exd5 cxd5 4. Bd3 Nc6 5. c3 Nf6 6. Nf3 Bg4 7. Bf4 e6 8. Nbd2 Bd6 9. Bg3 0-0 10. 0-0 Bxg3 11. hxg3 Rc8 12. Re1 Re8 13. Qb1 g6 14. Re3 Bf5 15. Ne5 Nxe5 16. Rxe5 Qb6 17. Bxf5 exf5 18. Nf3 Ng4 19. Re1 Rxe1+ 20. Nxe1 Re8 21. Nd3 g5 22. f3 Ne3 23. Kf2 g4 24. Qc1 f6 25. b3 f4 26. Nxf4 Nf5 27. Qd2 Qa5 28. a4 gxf3 29. gxf3 Re3 30. b4 Qc7 31. Rc1 Qg7 32. Rg1 Qh6 33. Qc2 Qh2+ 34. Rg2 Qh1 35. Ne2 Rxf3+ 36. Kxf3 Qf1+ 37. Rf2 Qh1+ 38. Kf4 Qh6+ 39. Kf3 Qh1+ 40. Kf4 Qh6+ 41. Kf3 Qh1+ 1/2-1/2

[Event "Reykjavik Kvika op"]
[Site "Reykjavik"]
[Date "2022.04.10"]
[Round "6"]
[White "Haraldsson, Haraldur"]
[Black "Wichtrup, Jan Louis"]
[Result "1/2-1/2"]
[WhiteElo "1903"]
[BlackElo "2166"]
[PlyCount "61"]
[EventDate "2022.04.06"]
[EventType "swiss"]
[EventRounds "9"]
[EventCountry "ISL"]
[SourceTitle "CBM 207 Extra"]
[Source "ChessBase"]
[SourceDate "2022.05.31"]
[SourceVersion "1"]
[SourceVersionDate "2022.05.31"]
[SourceQuality "1"]

1. Nf3 b6 2. c4 Bb7 3. e3 g6 4. Nc3 Nf6 5. b3 Bg7 6. Bb2 0-0 7. Be2 c5 8. 0-0 Nc6 9. d4 cxd4 10. exd4 d5 11. Ne5 dxc4 12. Bf3 Qc8 13. Bxc6 Bxc6 14. bxc4 Ne4 15. Nxe4 Bxe4 16. Qe2 Bb7 17. Rac1 Rd8 18. Rfe1 Qc7 19. d5 Re8 20. h4 Qc8 21. Rc3 Bxe5 22. Qxe5 f6 23. Qf4 b5 24. d6 Qc6 25. f3 Qxd6 26. Qxd6 exd6 27. Rxe8+ Rxe8 28. cxb5 Re2 29. Ba3 Rxa2 30. Bxd6 Rb2 31. Rc5 1/2-1/2

[Event "EU-ch 21st"]
[Site "Reykjavik"]
[Date "2021.09.02"]
[Round "8"]
[White "Haraldsson, Haraldur"]
[Black "Ragnarsson, Heimir Pall"]
[Result "1-0"]
[WhiteElo "1918"]
[BlackElo "1619"]
[PlyCount "63"]
[EventDate "2021.08.26"]
[EventType "swiss"]
[EventRounds "11"]
[EventCountry "ISL"]
[SourceTitle "CBM 204"]
[Source "ChessBase"]
[SourceDate "2021.10.31"]
[SourceVersion "1"]
[SourceVersionDate "2021.10.31"]
[SourceQuality "1"]

1. d4 Nf6 2. Nf3 g6 3. g3 Bg7 4. Bg2 0-0 5. c4 d6 6. 0-0 Nbd7 7. Nc3 e5 8. h3 Ne8 9. e4 f5 10. exf5 Rxf5 11. Re1 Nb6 12. g4 Rf8 13. dxe5 Nxc4 14. Bg5 Qd7 15. e6 Qc6 16. Nd5 Nxb2 17. Qd2 Qa6 18. Bf1 Nc4 19. Bxc4 Qxc4 20. Rac1 Qb5 21. Nh4 c6 22. Ne7+ Kh8 23. Rb1 Qc5 24. Re2 Bc3 25. Qc1 Bf6 26. Nhxg6+ hxg6 27. Bxf6+ Kh7 28. Bc3 Bxe6 29. Rxb7 Rf7 30. Qc2 Ng7 31. Qxg6+ Kh8 32. Qh6# 1-0

[Event "Reykjavik Congress"]
[Site "Reykjavik"]
[Date "2020.01.29"]
[Round "8"]
[White "Gardarsson, Halldor"]
[Black "Haraldsson, Haraldur"]
[Result "0-1"]
[WhiteElo "1804"]
[BlackElo "1962"]
[PlyCount "86"]
[EventDate "2020.01.05"]
[EventType "swiss"]
[EventRounds "9"]
[EventCountry "ISL"]
[SourceTitle "EXT 2021"]
[Source "ChessBase"]
[SourceDate "2020.10.23"]
[SourceVersion "1"]
[SourceVersionDate "2020.10.23"]
[SourceQuality "1"]

1. d4 Nf6 2. c4 e6 3. Nf3 d5 4. Nc3 Be7 5. e3 0-0 6. Be2 b6 7. cxd5 exd5 8. Qc2 Bb7 9. 0-0 Nbd7 10. b3 c5 11. dxc5 bxc5 12. Bb2 Re8 13. Bd3 Rc8 14. Qd2 Bd6 15. Ne2 Bb8 16. h3 Qc7 17. Kh1 d4 18. Neg1 Ne5 19. Nxe5 Qxe5 20. f4 Qxe3 21. Qc2 Qg3 22. Bc1 Ng4 23. hxg4 Qh4+ 24. Nh3 Qxh3+ 25. Kg1 Bxg2 26. Bxh7+ Kf8 27. Qxg2 Qxh7 28. f5 Qh4 29. Bd2 Re4 30. Be1 Qxg4 31. Qxg4 Rxg4+ 32. Kf2 Rf4+ 33. Kg2 Rxf1 34. Kxf1 Bf4 35. Ke2 Ke7 36. Bh4+ Kd6 37. Kf3 Be5 38. Re1 Kd5 39. Rc1 c4 40. bxc4+ Rxc4 41. Rxc4 Kxc4 42. Ke4 Bf6 43. Bf2 d3 0-1

[Event "Reykjavik Congress"]
[Site "Reykjavik"]
[Date "2020.01.19"]
[Round "5"]
[White "Haraldsson, Haraldur"]
[Black "Ulfljotsson, Jon"]
[Result "1/2-1/2"]
[WhiteElo "1962"]
[BlackElo "1672"]
[PlyCount "43"]
[EventDate "2020.01.05"]
[EventType "swiss"]
[EventRounds "9"]
[EventCountry "ISL"]
[SourceTitle "CBM 194 Extra"]
[Source "ChessBase"]
[SourceDate "2020.03.31"]
[SourceVersion "1"]
[SourceVersionDate "2020.03.31"]
[SourceQuality "1"]

1. e4 c5 2. Nf3 d6 3. d4 cxd4 4. Nxd4 Nf6 5. Nc3 a6 6. h3 Nc6 7. Be3 e5 8. Nxc6 bxc6 9. Bc4 Bb7 10. Bg5 Be7 11. Qd2 Qc7 12. Bb3 Rd8 13. Rd1 h6 14. Bxf6 Bxf6 15. 0-0 0-0 16. Qd3 Qb6 17. Na4 Qb5 18. c4 Qa5 19. Nc3 Bc8 20. Kh1 Be6 21. Bc2 g6 22. Bb3 1/2-1/2

[Event "Reykjavik Taflfelag op"]
[Site "Reykjavik"]
[Date "2019.11.06"]
[Round "4"]
[White "Haraldsson, Haraldur"]
[Black "Thorisson, Benedikt"]
[Result "1/2-1/2"]
[WhiteElo "1993"]
[BlackElo "1507"]
[PlyCount "65"]
[EventDate "2019.10.16"]
[EventType "swiss"]
[EventRounds "7"]
[EventCountry "ISL"]
[SourceTitle "CBM 193 Extra"]
[Source "ChessBase"]
[SourceDate "2020.01.31"]
[SourceVersion "1"]
[SourceVersionDate "2020.01.31"]
[SourceQuality "1"]

1. e4 c5 2. Nf3 e6 3. d4 cxd4 4. Nxd4 a6 5. Bd3 Nf6 6. 0-0 Qc7 7. c4 b6 8. Nc3 Bb7 9. Be3 Be7 10. Rc1 d6 11. f4 Nbd7 12. f5 e5 13. Nb3 0-0 14. Nd5 Nxd5 15. cxd5 Nc5 16. Nxc5 bxc5 17. b4 Rac8 18. bxc5 dxc5 19. f6 Bxf6 20. Rxf6 gxf6 21. Bh6 Kh8 22. Qf3 Qd6 23. Bxf8 Rxf8 24. Qf2 Rc8 25. Be2 a5 26. Bg4 Rc7 27. Rc3 Bc8 28. Bf5 c4 29. Bxc8 Rxc8 30. Qf5 Qb6+ 31. Kf1 Qb1+ 32. Ke2 Qb2+ 33. Kf1 1/2-1/2

[Event "Reykjavik op"]
[Site "Reykjavik"]
[Date "2019.04.08"]
[Round "1"]
[White "Jacobsen, Mikkel Manosri"]
[Black "Haraldsson, Haraldur"]
[Result "1-0"]
[WhiteElo "2302"]
[BlackElo "2027"]
[PlyCount "55"]
[EventDate "2019.04.08"]
[EventType "swiss"]
[EventRounds "9"]
[EventCountry "ISL"]
[SourceTitle "CBM 189 Extra"]
[Source "ChessBase"]
[SourceDate "2019.06.03"]
[SourceVersion "1"]
[SourceVersionDate "2019.06.03"]
[SourceQuality "1"]

1. d4 Nf6 2. c4 e6 3. Nf3 d5 4. Nc3 Be7 5. cxd5 exd5 6. Bf4 0-0 7. Qc2 c5 8. e3 Bg4 9. Ne5 cxd4 10. exd4 Nc6 11. Nxg4 Nxg4 12. Rd1 g6 13. Be2 Nf6 14. 0-0 Rc8 15. Bf3 Qd7 16. h3 h5 17. Be5 Rfd8 18. Qe2 a6 19. g4 hxg4 20. hxg4 Ne4 21. Nxe4 dxe4 22. Qxe4 Bg5 23. Kg2 f6 24. Qxg6+ Qg7 25. Qxg7+ Kxg7 26. Bg3 Rxd4 27. Bxc6 Rxd1 28. Rxd1 1-0

[Event "Reykjavik Congress"]
[Site "Reykjavik"]
[Date "2019.01.30"]
[Round "8"]
[White "Haraldsson, Haraldur"]
[Black "Briem, Benedikt"]
[Result "1-0"]
[WhiteElo "1969"]
[BlackElo "1868"]
[PlyCount "71"]
[EventDate "2019.01.06"]
[EventType "swiss"]
[EventRounds "9"]
[EventCountry "ISL"]
[SourceTitle "CBM 188 Extra"]
[Source "ChessBase"]
[SourceDate "2019.02.26"]
[SourceVersion "1"]
[SourceVersionDate "2019.02.26"]
[SourceQuality "1"]

1. e4 e6 2. d4 d5 3. Nc3 Nf6 4. Bg5 dxe4 5. Nxe4 Be7 6. Nxf6+ Bxf6 7. Bxf6 Qxf6 8. Nf3 0-0 9. Bd3 Nd7 10. Qe2 c5 11. 0-0-0 cxd4 12. Qe4 g6 13. Qxd4 Qxd4 14. Nxd4 Nc5 15. f4 a6 16. Be2 Ne4 17. Rhe1 Nf2 18. Rd2 Ne4 19. Rd3 Nc5 20. Rc3 Ne4 21. Rc7 Rd8 22. c3 Nf6 23. Bf3 Nd5 24. Bxd5 Rxd5 25. Re5 Rd7 26. Rec5 Rxc7 27. Rxc7 Rb8 28. a4 h5 29. a5 Kf8 30. Nf3 f6 31. Nh4 g5 32. fxg5 fxg5 33. Ng6+ Ke8 34. Ne5 b6 35. Rh7 bxa5 36. Rh8+ 1-0

[Event "Reykjavik Congress"]
[Site "Reykjavik"]
[Date "2019.01.23"]
[Round "6"]
[White "Haraldsson, Haraldur"]
[Black "Fridthofsson, Sigurjon Thor"]
[Result "1-0"]
[WhiteElo "1969"]
[BlackElo "1699"]
[PlyCount "59"]
[EventDate "2019.01.06"]
[EventType "swiss"]
[EventRounds "9"]
[EventCountry "ISL"]
[SourceTitle "CBM 188 Extra"]
[Source "ChessBase"]
[SourceDate "2019.02.26"]
[SourceVersion "1"]
[SourceVersionDate "2019.02.26"]
[SourceQuality "1"]

1. e4 d5 2. exd5 Qxd5 3. Nc3 Qd6 4. d4 Nf6 5. Nf3 c6 6. Be2 Bg4 7. 0-0 Nbd7 8. Bg5 e6 9. Qd2 Be7 10. Bf4 Qb4 11. a3 Qb6 12. Na4 Qd8 13. c4 Nb6 14. Nxb6 axb6 15. Rad1 Ra5 16. Ne5 Ne4 17. Qe3 Bf5 18. g4 g5 19. gxf5 exf5 20. Bg3 Nf6 21. Qxg5 Qc8 22. Bd3 Ne4 23. Qg7 Rf8 24. Rfe1 Ng5 25. f4 Rxe5 26. fxg5 Re6 27. Rxe6 Qxe6 28. Re1 Qd7 29. Qe5 c5 30. d5 1-0

[Event "Reykjavik Taflfelag op"]
[Site "Reykjavik"]
[Date "2018.11.21"]
[Round "6"]
[White "Haraldsson, Haraldur"]
[Black "Gunnarsson, Helgi Petur"]
[Result "1-0"]
[WhiteElo "1958"]
[BlackElo "1711"]
[PlyCount "57"]
[EventDate "2018.10.17"]
[EventType "swiss"]
[EventRounds "7"]
[EventCountry "ISL"]
[SourceTitle "CBM 187 Extra"]
[Source "ChessBase"]
[SourceDate "2018.11.04"]
[SourceVersion "1"]
[SourceVersionDate "2018.11.04"]
[SourceQuality "1"]

1. e4 c5 2. Nf3 e6 3. d4 cxd4 4. Nxd4 Nf6 5. Nc3 Bb4 6. e5 Nd5 7. Qg4 g6 8. Bd2 Nxc3 9. bxc3 Be7 10. Bd3 Nc6 11. Nxc6 bxc6 12. h4 h5 13. Qe4 Rb8 14. Ke2 Qc7 15. Rhg1 Bb7 16. c4 c5 17. Qf4 d6 18. Bc3 d5 19. Rab1 d4 20. Bd2 Bf8 21. Qg3 Bg7 22. f4 0-0 23. Qh3 Bc6 24. Rb3 a5 25. g4 f6 26. gxh5 fxe5 27. Rxb8 Rxb8 28. Qxe6+ Kh8 29. h6 1-0

[Event "Reykjavik Taflfelag op"]
[Site "Reykjavik"]
[Date "2018.10.24"]
[Round "2"]
[White "Haraldsson, Haraldur"]
[Black "Geirsson, Kristjan"]
[Result "1-0"]
[WhiteElo "1958"]
[BlackElo "1616"]
[PlyCount "41"]
[EventDate "2018.10.17"]
[EventType "swiss"]
[EventRounds "7"]
[EventCountry "ISL"]
[SourceTitle "CBM 187 Extra"]
[Source "ChessBase"]
[SourceDate "2018.11.04"]
[SourceVersion "1"]
[SourceVersionDate "2018.11.04"]
[SourceQuality "1"]

1. d4 Nf6 2. c4 e6 3. Nf3 d5 4. Nc3 c6 5. e3 Nbd7 6. cxd5 exd5 7. Bd3 Bd6 8. Qc2 0-0 9. 0-0 a6 10. Rd1 c5 11. b3 b5 12. dxc5 Nxc5 13. Ba3 Nxd3 14. Bxd6 Qxd6 15. Qxd3 Bb7 16. e4 Qe6 17. exd5 Nxd5 18. Nxd5 Rad8 19. Ng5 Qh6 20. Ne7+ Kh8 21. Nxf7+ 1-0

[Event "Reykjavik op"]
[Site "Reykjavik"]
[Date "2018.03.08"]
[Round "4"]
[White "Brunello, Marina"]
[Black "Haraldsson, Haraldur"]
[Result "1-0"]
[WhiteElo "2367"]
[BlackElo "1963"]
[PlyCount "49"]
[EventDate "2018.03.06"]
[EventType "swiss"]
[EventRounds "9"]
[EventCountry "ISL"]
[SourceTitle "CBM 183 Extra"]
[Source "ChessBase"]
[SourceDate "2018.04.19"]
[SourceVersion "1"]
[SourceVersionDate "2018.04.19"]
[SourceQuality "1"]

1. e4 e5 2. Nf3 Nc6 3. Bb5 a6 4. Ba4 Nf6 5. d3 d6 6. c3 Be7 7. h3 0-0 8. Qe2 b5 9. Bc2 Bb7 10. Nbd2 Re8 11. Nf1 Bf8 12. g4 d5 13. Ng3 dxe4 14. dxe4 Na5 15. Bg5 Qd6 16. Nh4 Qc6 17. Nhf5 Nd7 18. Rd1 Nc5 19. h4 Ne6 20. Nh5 Nc4 21. Qf3 Nc5 22. Nh6+ gxh6 23. Nf6+ Kg7 24. Qf5 Bd6 25. Bxh6+ 1-0